000
00233nam a2200109Ia 4500
999
_c
10972
_d
10972
020
_a
978-1861002235
100
_a
Horton,Ivor
245
0
_a
Beginning Java 2
260
_a
New Delhi
_b
Bantam Books
_c
2000
300
_a
643
942
_c
BK